Latvia in Eurovision (2000-2025) - Statistics

General Stats
  • This quiz has been taken 11 times
  • The average score is 17 of 26
Answer Stats
Year Song title Result % Correct
2002 I Wanna 1
100%
2000 My Star 3
100%
2023 Aijā 11 (SF)
89%
2025 Bur man laimi 13
89%
2024 Hollow 16
89%
2015 Love Injected 6
89%
2022 Eat Your Salad 14 (SF)
78%
2016 Heartbeat 15
78%
2011 Angel in Disguise 17 (SF)
67%
2012 Beautiful Song 16 (SF)
67%
2014 Cake to Bake 13 (SF)
67%
2013 Here We Go 17 (SF)
67%
2017 Line 18 (SF)
67%
2009 Probka 19 (SF)
67%
2021 The Moon Is Rising 17 (SF)
67%
2010 What For? 17 (SF)
67%
2008 Wolves of the Sea 12
67%
2018 Funny Girl 12 (SF)
56%
2003 Hello from Mars 24
56%
2004 Dziesma par laimi 17 (SF)
44%
2007 Questa notte 16
44%
2005 The War Is Not Over 5
44%
2001 Too Much 18
44%
2006 I Hear Your Heart 16
33%
2020 Still Breathing N/A
33%
2019 That Night 15 (SF)
33%
No matching quizzes found
Score Distribution
Percent of People with Each Score
Percentile by Number Answered
Your Score History
You have not taken this quiz